[Event "España ch sub-18"]
[Site "Mondariz ESP"]
[Date "2005.10.02"]
[Round "8.10"]
[White "Cabrera Trujillo, Jorge"]
[Black "Hidalgo Duque, Carlos"]
[Result "1-0"]
[WhiteElo "2059"]
[BlackElo "2127"]
[PlyCount "105"]
[EventDate "2005.09.27"]
[EventType "swiss"]
[EventRounds "8"]
[EventCountry "ESP"]
[Source "lmi"]
[SourceDate "2005.10.03"]

1. e4 c5 2. Nf3 d6 3. d4 cxd4 4. Nxd4 Nf6 5. Nc3 a6 6. Bg5 e6 7. f4 Be7 8. Qf3
Qc7 9. O-O-O Nbd7 10. g4 b5 11. a3 Rb8 12. Bxf6 Nxf6 13. f5 e5 14. Nde2 Bb7 15.
Ng3 Qa5 16. g5 Nd7 17. f6 gxf6 18. Bh3 b4 19. axb4 Qxb4 20. Bxd7+ Kxd7 21. Nf5
Bf8 22. Nxd6 Bxd6 23. Qxf6 Kc7 24. Qxf7+ Kb6 25. Nd5+ Bxd5 26. Rxd5 Kc6 27. b3
Rhf8 28. Qa7 Qa3+ 29. Kd2 Rb7 30. Qe3 Rbf7 31. Ke2 Qb4 32. Qd3 Rf2+ 33. Kd1 Ra8
34. Kc1 Bc5 35. Qh3 Bd6 36. Rhd1 Rd8 37. Rxd6+ Qxd6 38. Rxd6+ Rxd6 39. Qc8+ Kb6
40. Qb8+ Kc6 41. Qa7 Rdd2 42. Qxa6+ Kd7 43. Qb5+ Kc8 44. Qc5+ Kd7 45. b4 Rxh2
46. b5 Rdf2 47. Kb2 Re2 48. Kb3 Rh4 49. Qd5+ Ke7 50. Qxe5+ Kf8 51. b6 Rexe4 52.
Qd6+ Kg8 53. b7 1-0

[Event "España ch sub-18"]
[Site "Mondariz ESP"]
[Date "2005.10.02"]
[Round "8.11"]
[White "Angulo Martinez, Jon"]
[Black "Zamarbide Inarrea, Borja"]
[Result "1-0"]
[WhiteElo "2143"]
[BlackElo "2180"]
[PlyCount "103"]
[EventDate "2005.09.27"]
[EventType "swiss"]
[EventRounds "8"]
[EventCountry "ESP"]
[Source "lmi"]
[SourceDate "2005.10.03"]

1. e4 e6 2. d3 d5 3. Qe2 Ne7 4. g3 dxe4 5. dxe4 e5 6. Nf3 Nec6 7. c3 Be7 8.
Nbd2 Be6 9. Bg2 Nd7 10. Nc4 O-O 11. O-O f6 12. b4 Nb6 13. Ne3 Qe8 14. Rd1 a5
15. b5 Na7 16. c4 c6 17. a4 Bc5 18. Ba3 Nxa4 19. Bxc5 Nxc5 20. Rxa5 b6 21. Ra3
cxb5 22. Rda1 Qf7 23. Nd5 b4 24. R3a2 Bxd5 25. exd5 Qd7 26. d6 e4 27. Nd4 f5
28. Qe3 Rfd8 29. Bh3 g6 30. Qg5 b3 31. Nxf5 Ne6 32. Ne7+ Kf7 33. Bxe6+ Kxe6 34.
Qd5+ Kf6 35. Rd2 Qe6 36. Qd4+ Kf7 37. Rb1 Nc8 38. Nxc8 Raxc8 39. Rxb3 Qxc4 40.
Rxb6 Qxd4 41. Rxd4 Rc1+ 42. Kg2 Rd7 43. Rxe4 Rd1 44. Re7+ Rxe7 45. dxe7 Rd7 46.
Re6 Rxe7 47. Rxe7+ Kxe7 48. Kf3 Kf7 49. Ke4 Ke6 50. g4 Kf6 51. Kf4 g5+ 52. Ke4
1-0

[Event "España ch sub-18"]
[Site "Mondariz ESP"]
[Date "2005.10.02"]
[Round "8.12"]
[White "Rodriguez Fontecha, Marcos"]
[Black "Perez Felipe, Marcos Adrian"]
[Result "0-1"]
[WhiteElo "2179"]
[BlackElo "2141"]
[PlyCount "98"]
[EventDate "2005.09.27"]
[EventType "swiss"]
[EventRounds "8"]
[EventCountry "ESP"]
[Source "lmi"]
[SourceDate "2005.10.03"]

1. e4 c5 2. Nf3 d6 3. d4 cxd4 4. Nxd4 Nf6 5. Nc3 a6 6. f3 e6 7. Be3 b5 8. Qd2
Nbd7 9. Qf2 Bb7 10. g4 h6 11. O-O-O Rc8 12. h4 Rxc3 13. bxc3 Qa5 14. Kb1 d5 15.
e5 Nxe5 16. Bd3 Qxc3 17. Nb3 Nfd7 18. Bd4 Qc7 19. Rhe1 Bd6 20. f4 Nxg4 21. Qg1
h5 22. Bxg7 Rg8 23. Bd4 Kd8 24. Bb2 Kc8 25. Bc1 Nb6 26. Qd4 Na4 27. Bd2 Kb8 28.
Ba5 Qc6 29. Nd2 Bc5 30. Qa1 Ba3 31. Qd4 Bb2 32. Qxb2 Nxb2 33. Kxb2 Qd6 34. a3
Qxf4 35. Rf1 Qe5+ 36. Bc3 d4 37. Bb4 Ne3 38. Rde1 f5 39. Rg1 Rg2 40. Nb3 Rg4
41. Nc5 Qd5 42. Nxb7 Kxb7 43. Be2 Rxg1 44. Rxg1 Ng4 45. Rf1 Kb6 46. Bd3 a5 47.
Bd2 Ne3 48. Rb1 Nc4+ 49. Bxc4 bxc4 0-1